| 000 | 00864cab a2200253 4500 | ||
|---|---|---|---|
| 001 | WB3141-46 | ||
| 008 | 090401t1995 xxu||||| |||| 00| 0 eng d | ||
| 035 | _a(Sirsi) u15141 | ||
| 041 | _aeng | ||
| 245 | _aResumption of mineral working | ||
| 260 | _c1995 | ||
| 350 | _a0 | ||
| 490 |
_aEstates Gazette Case Summaries _v1995 EGCS 157(1) 28 October 1995 |
||
| 520 | _a"Van Leeuwen v SoS Environment and another" QBD 13 October 1995. Owners of Blackingstone Quarry were prohibited from resuming mineral working. | ||
| 650 | _aBLACKINGSTONE QUARRY | ||
| 650 | _aDARTMOOR NATIONAL PARK | ||
| 650 | _aLOCAL GOVERNMENT ACT 1972 S17 | ||
| 650 | _aMINERAL WORKINGS | ||
| 650 | _aTOWN AND COUNTRY PLANNING ACT 1990 S9(3) | ||
| 650 | _aVAN LEEUWEN V SOS ENVIRONMENT AND ANOTHER | ||
| 690 | _aMINING AND MINERALS-CASE LAW | ||
| 942 | _n0 | ||
| 948 | _c04/03/1997 | ||
| 999 |
_c9896 _d9896 |
||